Acrylosan v ortopedické chirurgii /

Hlavní autor: Rybka, Vratislav, 1940-2024
Další autoři: Herben, Tomáš
Jazyk: Čeština
Vydáno: Praha : Avicenum, 1975
Vydání: 1. vyd.
Edice: Albertova sbírka
Fyzický popis: 157 s. ; 8°
Language note: Anglické a ruské resumé
Knihy
Uloženo v:
LEADER 01003nam a22003252a 4500
001 001225439
003 CZ BrMZK
005 20130214085322.0
007 ta
008 120622s1975 xr er|||||||||||cze d
015 |a cnb000469630 
035 |a (OCoLC)14433714 
040 |a ABA001  |b cze  |d ABA001  |d BOA001 
041 0 |a cze  |b eng  |b rus 
080 9 |a 615.477:617.5 
100 1 |a Rybka, Vratislav,  |d 1940-2024  |7 jk01103277  |4 aut 
245 1 0 |a Acrylosan v ortopedické chirurgii /  |c Vratislav Rybka, Tomáš Herben 
250 |a 1. vyd. 
260 |a Praha :  |b Avicenum,  |c 1975 
300 |a 157 s. ;  |c 8° 
490 1 |a Albertova sbírka ;  |v 76 
500 |a 1200 výt. 
504 |a Obsahuje bibliografie 
546 |a Anglické a ruské resumé 
700 1 |a Herben, Tomáš  |7 jk01040782  |4 aut 
830 0 |a Albertova sbírka 
910 |a BOA001  |b 2-0744.264 
990 |a BK 
991 |b 201206 
996 7 |b 2619562062  |c 2-0744.264  |l Sklad H1  |r Sklad / do 24 hodin  |n 0  |h HS 212  |w 001259405  |u 000010  |a 1  |e BOA001  |j MZK50  |s A